The European Union and the United States : competition and convergence in the global arena

Αποθηκεύτηκε σε:
Λεπτομέρειες βιβλιογραφικής εγγραφής
Κύριος συγγραφέας: McGuire, Steven, 1965-
Άλλοι συγγραφείς: Smith, Michael, 1947 April 10-
Μορφή: Βιβλίο
Γλώσσα:English
Δημοσίευση: Basingstoke [England] ; New York : Palgrave Macmillan, c2008.
Σειρά:European Union series (Palgrave (Firm)
Θέματα:
Ετικέτες: Προσθήκη ετικέτας
Δεν υπάρχουν, Καταχωρήστε ετικέτα πρώτοι!

MARC

LEADER 00000cam a2200000 i 4500
001 1/97214
008 081113s2008 enk| ||| |||| ||eng||
020 |a 9780333968628   |q (χαρτόδετο) 
020 |a 033396862X   |q (χαρτόδετο) 
035 |l 10101628 
040 |a GR-MyUa  |b gre  |e AACR2 
041 0 |a eng 
082 7 |a 337.1420973   |2 (22) 
100 1 |a McGuire, Steven,   |d 1965- 
245 1 4 |a The European Union and the United States :   |b competition and convergence in the global arena /   |c Steven McGuire and Michael Smith. 
260 |a Basingstoke [England] ;   |a New York :   |b Palgrave Macmillan,   |c c2008. 
300 |a xii, 324 σ. :   |b διαγρ., σχ. ;   |c 22 εκ. 
490 1 |a (European Union series (Palgrave (Firm)) 
504 |a Περιλαμβάνει βιβλιογραφικές παραπομπές και ευρετήριο. 
610 2 0 |a European Union  |z United States. 
700 1 |a Smith, Michael,   |d 1947 April 10- 
830 0 |a European Union series (Palgrave (Firm) 
852 |a INST  |b CHIOS  |e 20081113  |h 337.1420973 MCG  |p 005200030838  |q 005200030838  |t BK  |y 0 
901 |a BIBL2-2008-3 
922 |a 2ΕΛΗ  |b 200809  |c ΕΠΕΑΕΚ2/ΤΝΕΥ  |d Ι. Μιχαλόπουλος 
970 |a Βασιλάκη  |b Νίκη  |z 13/11/2008